Gejala, rawatan dan pencegahan penyakit jantung / (Record no. 2546)
[ view plain ]
| 000 -LEADER | |
|---|---|
| fixed length control field | nam a22 a 4500 |
| 003 - CONTROL NUMBER IDENTIFIER | |
| control field | AKMAL |
| 005 - DATE AND TIME OF LATEST TRANSACTION | |
| control field | 20170517110335.0 |
| 008 - FIXED-LENGTH DATA ELEMENTS--GENERAL INFORMATION | |
| fixed length control field | 170517s1992 my 00 may d |
| 020 ## - INTERNATIONAL STANDARD BOOK NUMBER | |
| International Standard Book Number | 9676102342 (kkt.): |
| Terms of availability | RM 12.50 |
| 040 ## - CATALOGING SOURCE | |
| Original cataloging agency | AKMAL |
| Transcribing agency | AKMAL |
| 082 04 - DEWEY DECIMAL CLASSIFICATION NUMBER | |
| Classification number | 616.12 NON |
| 090 ## - LOCALLY ASSIGNED LC-TYPE CALL NUMBER (OCLC); LOCAL CALL NUMBER (RLIN) | |
| Classification number (OCLC) (R) ; Classification number, CALL (RLIN) (NR) | 616.12 |
| Local cutter number (OCLC) ; Book number/undivided call number, CALL (RLIN) | NON |
| 100 ## - MAIN ENTRY--PERSONAL NAME | |
| Personal name | Sidek Nontak |
| 9 (RLIN) | 5303 |
| 245 10 - TITLE STATEMENT | |
| Title | Gejala, rawatan dan pencegahan penyakit jantung / |
| Statement of responsibility, etc. | Sidek Nontak |
| 260 ## - PUBLICATION, DISTRIBUTION, ETC. | |
| Place of publication, distribution, etc. | Kuala Lumpur : |
| Name of publisher, distributor, etc. | Utusan Publications & Distributors, |
| Date of publication, distribution, etc. | 1992 |
| 300 ## - PHYSICAL DESCRIPTION | |
| Extent | 104ms. : |
| Other physical details | il. ; |
| Dimensions | 22cm |
| 440 ## - SERIES STATEMENT/ADDED ENTRY--TITLE | |
| Title | Siri perubatan Utusan |
| 9 (RLIN) | 3003 |
| 650 ## - SUBJECT ADDED ENTRY--TOPICAL TERM | |
| Topical term or geographic name entry element | Heart |
| General subdivision | Diseases |
| 9 (RLIN) | 5291 |
| 650 ## - SUBJECT ADDED ENTRY--TOPICAL TERM | |
| Topical term or geographic name entry element | Heart |
| General subdivision | Diseases |
| -- | Treatment |
| 9 (RLIN) | 5292 |
| 650 ## - SUBJECT ADDED ENTRY--TOPICAL TERM | |
| Topical term or geographic name entry element | Heart |
| General subdivision | Diseases |
| -- | Prevention |
| 9 (RLIN) | 5293 |
| 942 ## - ADDED ENTRY ELEMENTS (KOHA) | |
| Source of classification or shelving scheme | |
| Koha item type | Book |
| Withdrawn status | Lost status | Source of classification or shelving scheme | Damaged status | Not for loan | Collection code | Home library | Current library | Shelving location | Date acquired | Inventory number | Total Checkouts | Full call number | Barcode | Date last seen | Price effective from | Koha item type |
|---|---|---|---|---|---|---|---|---|---|---|---|---|---|---|---|---|
| NON-FICTION | AKMAL Melaka | AKMAL Melaka | PINJAMAN | 17.05.2017 | 001510 | 616.12 NON | 201703440 | 17.05.2017 | 17.05.2017 | Book | ||||||
| NON-FICTION | AKMAL Melaka | AKMAL Melaka | PINJAMAN | 17.05.2017 | 002014 | 616.12 NON | 201703439 | 17.05.2017 | 17.05.2017 | Book |
